Players of National Teams - Portugal - Statistics

General Stats
  • This quiz has been taken 22 times
  • The average score is 12 of 23
Answer Stats
Pos. Team Player % Correct
FW Al-Nassr Cristiano Ronaldo
100%
LW AC Milan Rafael Leão
89%
DM Paris Saint-Germain Vitinha
89%
AM Manchester City Bernardo Silva
83%
AM Manchester United Bruno Fernandes
83%
CM Paris Saint-Germain João Neves
83%
CB Manchester City Rúben Dias
83%
FW Paris Saint-Germain Gonçalo Ramos
72%
FW Al-Nassr João Félix
67%
RB Manchester United Diogo Dalot
61%
GK FC Porto Diogo Costa
56%
DM Tottenham Hotspur João Palhinha
50%
RB Manchester City Matheus Nunes
44%
RW Juventus Francisco Conceição
39%
RB Fenerbahçe SK Nélson Semedo
39%
RW Sporting CP Francisco Trincão
33%
CB Sporting CP Gonçalo Inácio
33%
CB SL Benfica António Silva
28%
DM Al-Hilal Rúben Neves
28%
LW Club Brugge Carlos Forbs
17%
GK SC Braga João Carvalho
17%
CB Villarreal CF Renato Veiga
17%
GK Sporting CP Rui Silva
17%
No matching quizzes found
Score Distribution
Percent of People with Each Score
Percentile by Number Answered
Your Score History
You have not taken this quiz